| 000 | 00460nam a22001697a 4500 | ||
|---|---|---|---|
| 005 | 20241015061635.0 | ||
| 008 | 241015b |||||||| |||| 00| 0 eng d | ||
| 022 | _a10233806 | ||
| 041 | _aEnglish | ||
| 082 | _a348 BUT | ||
| 100 | _lEnglish | ||
| 245 | _aButterworths Law Reports | ||
| 260 |
_aDurban: _bLexisNexis (Pty) Ltd, _c2024 |
||
| 300 |
_bxix, 552 pages; _c25 cm. |
||
| 650 |
_aLegal practice _bLaw |
||
| 942 |
_cBK _6ALISON_BN_VRIES |
||
| 999 |
_c3217 _d3217 |
||